000
00322nam a22001337a 4500
082
_a
823
_b
SAR/S
100
_a
SARAN, RANU
245
_a
SUBHASH CHANDRA BOSE
246
_a
SUBHASH CHANDRA BOSE
_b
SUBHASH CHANDRA BOSE
260
_a
NEW DELHI, INDIA
_b
JUNIOR DIAMOND
300
_a
22
650
_a
ENGLISH STORY
942
_c
BK
999
_c
8695
_d
8695